书目信息 |
| 题名: |
卫生微生物学
|
|
| 作者: | 郁庆福 编 | |
| 分册: | ||
| 出版信息: | 北京 人民卫生出版社 |
|
| 页数: | 152页 | |
| 开本: | 16开 | |
| 丛书名: | ||
| 单 册: | ||
| 中图分类: | R117 | |
| 科图分类: | ||
| 主题词: | 卫生学:基础理论 | |
| 电子资源: | ||
| ISBN: | 7-117-00014-7 | |
| 000 | 00539nam0 2200193 45 | |
| 001 | 0006200820 | |
| 005 | 20000620085141.1 | |
| 010 | @a7-117-00014-7@d1.45元 | |
| 100 | @a20000620d km y0chiy0120 ea | |
| 101 | 0 | @achi |
| 105 | @a z 000yy | |
| 200 | 1 | @a卫生微生物学@AWei Sheng Wei Sheng Wu Xue@f郁庆福等编@FYu Qing Fu Deng Bian |
| 210 | @a北京@c人民卫生出版社 | |
| 215 | @a152页@d16开 | |
| 606 | 0 | @a卫生学:基础理论 |
| 690 | @aR117@v3 | |
| 701 | 0 | @a郁庆福@4编 |
| 801 | @aCN@bPftUser@c20000620 | |
| 905 | @b208376-379@dR117@eX678@f4 | |
| 卫生微生物学/郁庆福等编.-北京:人民卫生出版社 |
| 152页;16开 |
| ISBN 7-117-00014-7:1.45元 |
| ● |
| 相关链接 |
|
|
|
正题名:卫生微生物学
索取号:R117/X678
 
预约/预借
| 序号 | 登录号 | 条形码 | 馆藏地/架位号 | 状态 | 备注 |
| 1 | 208376 | 202083761 | 自科二线504/504自科库 25排1列1层/ [索取号:R117/X678] | 在馆 | |
| 2 | 208377 | 202083770 | 自科二线504/504自科库 25排1列1层/ [索取号:R117/X678] | 在馆 | |
| 3 | 208378 | 202083789 | 自科二线504/504自科库 26排1列3层/ [索取号:R117/X678] | 在馆 | |
| 4 | 208379 | 202083798 | 自科二线504/504自科库 26排1列3层/ [索取号:R117/X678] | 在馆 |